000 01049nam a2200277 i 4500
001 184229
003 ES-MaACL
005 20230906222122.0
008 150522s1973 sp ao e |||| |dspa d
020 _a84-7017-379-0
080 _a75:069.51(436.14)Kunsthistorisches
245 0 0 _aMuseo de Historia del Arte
_b: Pinacoteca : Viena /
_c[prefacio de Friderike Klauner ; textos de Giorgio T. Faggin ... [et al.] ; traducción de Xavier Gispert].
246 3 4 _aEnciclopedia de los museos
260 _aBarcelona :
_bArgos,
_c[1973]
300 _a172 p. :
_bil. col., fot. ;
_c29 cm.
490 1 _aEnciclopedia de los museos ;
_v9
500 _aÍndices.
504 _aBibliografía: p. 168.
610 2 4 _aKunsthistorisches Museum Wien.
_9156887
700 1 _aFaggin, Giorgio T.
_9150510
700 1 _aGispert, Javier.
_9156892
830 0 _aEnciclopedia de los museos ;
_v9
_9192084
852 _aES-MaACL
_jE-15639
_z- enc. guaflex
852 _aES-MaACL
_jL-30414
_z- enc. guaflex
_z. - Donat. Miguel A. Velasco
999 _c184229
_d184229